|
|
|
|
| LEADER |
00636nab a2200169 i 4500 |
| 001 |
acta41365 |
| 005 |
20260224081030.0 |
| 008 |
170803s2007 hu o 000 hun d |
| 022 |
|
|
|a 0237-7934
|
| 040 |
|
|
|a SZTE Egyetemi Kiadványok Repozitórium
|b hun
|
| 041 |
|
|
|a hun
|
| 245 |
0 |
0 |
|a Uffe Østergaard műveinek válogatott bibliográfiája
|h [elektronikus dokumentum]
|
| 260 |
|
|
|c 2007
|
| 300 |
|
|
|a 179-183
|
| 490 |
0 |
|
|a Aetas
|v 22 No. 4
|
| 695 |
|
|
|a Uffe Ostergaard, Történettudomány - dán - 20-21. sz. - életmű, Történettudomány - bibliográfia
|
| 856 |
4 |
0 |
|u http://acta.bibl.u-szeged.hu/41365/1/aetas_2007_004_179-183.pdf
|z Dokumentum-elérés
|